000
00279nam a2200121Ia 4500
005
20251222154440.0
008
251222s9999||||xx |||||||||||||| ||spa||
020
_a
84-8130-417-4
082
_a
868.6/Q71
100
_a
"Quiroga, Elena"
245
0
_a
Viento del norte
942
_c
LIB
999
_c
36746
_d
36746